|
003 -Nazwa inst., której nr kontr. jest w polu 001 [,]
|
-
- @
- Nazwa instytucji, której n kontrolny jest w polu 001
- NUKAT
|
|
005 -DATA I CZAS OSTATNIEJ MODYFIKACJI [,]
|
-
- @
- pole kontrolne
- 20250801085503.0
|
|
020 -Międzynarod. znormalizowany nr książki - ISBN [ , ]
|
-
- a
- Numer ISBN
- 9788384110096
-
- q
- Dopowiedzenie
- (oprawa twarda) :
-
- c
- Terms of availability
- zł 399
|
|
040 -Instytucja sporządzająca opis [ , ]
|
-
- a
- Instytucja, która sporządziła opis (NP)
- WA U
-
- c
- Instytucja, która sporządziła rekord (NP)
- WA U
-
- d
- Instytucja, która zmodyfikowała rekord (P)
- WA U
-
- d
- Instytucja, która zmodyfikowała rekord (P)
- WA N
-
- d
- Instytucja, która zmodyfikowała rekord (P)
- KR U
-
- d
- Instytucja, która zmodyfikowała rekord (P)
- WA U
|
|
942 -Rodzaj dokumentu [ , ]
|
-
- c
- Rodzaj dokumentu
- Książka
|
|
245 -Strefa tytułu i oznaczenia odpowiedzialności [0,0]
|
-
- a
- Tytuł
- Prawo o postępowaniu przed sądami administracyjnymi :
-
- b
- Ciąg dalszy tytułu (NP)
- komentarz /
-
- c
- Pozostałe elementy strefy tytułu i oznaczenia odpowiedzialności (NP)
- redaktorzy: prof. dr hab. Roman Hauser, prof. dr hab. Marek Wierzbowski, r.pr. prof. dr hab. Rafał Stankiewicz ; autorzy: r.pr. dr Maksymilian Cherka, SNSA Janusz Drachal, Piotr Gołaszewski, dr Marek Grzywacz, SNSA Maria Jagielska, prof. dr hab. Jacek Jagielski, Sebastian Juszczak, dr Jacek Piecha, dr hab. Piotr Pietrasz, dr Mariusz Rypina, prof. UwB, adw. dr Grzegorz Rząsa, dr hab. Paweł Wajda, prof. UW, prof. dr hab. Aleksandra Wiktorowska, dr Karolina Wojciechowska, dr hab. Katarzyna Zalasińska.
|
|
246 -Wariant tytułu [1,8]
|
-
|
|
250 -Strefa wydania [ , ]
|
-
- a
- Oznaczenie wydania (NP)
- 9. wydanie zmienione i uzupełnione.
|
|
260 -Strefa adresu wydawniczego [ , ]
|
-
- a
- Miejsce wydania (P)
- Warszawa :
-
- b
- Nazwa wydawcy (P)
- Wydawnictwo C. H. Beck,
-
|
|
300 -Strefa opisu fizycznego [ , ]
|
-
- a
- Określenie formy książki i/lub objętość (NP)
- XXX, 1520 stron ;
-
|
|
336 -Typ zawartości [ , ]
|
-
- a
- Termin opisujący typ zawartości
- Tekst
-
- b
- Kod określający zawartość
- txt
-
- 2
- Źródło (terminu i kodu)
- rdacontent
|
|
337 -Typ mediów [ , ]
|
-
- a
- Tryb odtwarzania
- Bez urządzenia pośredniczącego
-
-
- 2
- Źródło (terminu i kodu)
- rdamedia
|
|
338 -Typ/rodzaj nośnika [ , ]
|
-
- a
- Hasło opisujące typ nośnika
- Wolumin
-
-
- 2
- Źródło (terminu i kodu)
- rdacarrier
|
|
380 -Deskryptor - Forma dzieła (P) [ , ]
|
-
- a
- forma dzieła (NP)
- Książki
|
|
380 -Deskryptor - Forma dzieła (P) [ , ]
|
-
- a
- forma dzieła (NP)
- Publikacje fachowe
|
|
380 -Deskryptor - Forma dzieła (P) [ , ]
|
-
- a
- forma dzieła (NP)
- Publikacje naukowe
|
|
385 -Deskryptor - grupa odbiorców (P) [ , ]
|
-
- a
- termin określający odbiorcę (P)
- Adwokaci
|
|
385 -Deskryptor - grupa odbiorców (P) [ , ]
|
-
- a
- termin określający odbiorcę (P)
- Aplikanci
|
|
385 -Deskryptor - grupa odbiorców (P) [ , ]
|
-
- a
- termin określający odbiorcę (P)
- Prokuratorzy
|
|
385 -Deskryptor - grupa odbiorców (P) [ , ]
|
-
- a
- termin określający odbiorcę (P)
- Radcy prawni
|
|
385 -Deskryptor - grupa odbiorców (P) [ , ]
|
-
- a
- termin określający odbiorcę (P)
- Sędziowie
|
|
388 -Deskryptor - czas powstania dzieła (P) [1, ]
|
-
- a
- Czas powstania dzieła (NP)
- 2001-
|
|
700 -Hasło dodatkowe - nazwa osobowa [1, ]
|
-
- a
- Nazwa osobowa (NP)
- Hauser, Roman
-
- d
- Daty biograficzne (NP)
- (1949- ).
-
- e
- Określenie rodzaju współpracy
- Autor
-
- e
- Określenie rodzaju współpracy
- Redakcja
-
|
|
700 -Hasło dodatkowe - nazwa osobowa [1, ]
|
-
- a
- Nazwa osobowa (NP)
- Wierzbowski, Marek
-
- d
- Daty biograficzne (NP)
- (1946- ).
-
- e
- Określenie rodzaju współpracy
- Autor
-
- e
- Określenie rodzaju współpracy
- Redakcja
-
|
|
700 -Hasło dodatkowe - nazwa osobowa [1, ]
|
-
- a
- Nazwa osobowa (NP)
- Cherka, Maksymilian.
-
- e
- Określenie rodzaju współpracy
- Autor
-
|
|
700 -Hasło dodatkowe - nazwa osobowa [1, ]
|
-
- a
- Nazwa osobowa (NP)
- Stankiewicz, Rafał Robert.
-
- e
- Określenie rodzaju współpracy
- Autor
-
- e
- Określenie rodzaju współpracy
- Redakcja
-
|
|
700 -Hasło dodatkowe - nazwa osobowa [1, ]
|
-
- a
- Nazwa osobowa (NP)
- Drachal, Janusz.
-
- e
- Określenie rodzaju współpracy
- Autor
-
|
|
700 -Hasło dodatkowe - nazwa osobowa [1, ]
|
-
- a
- Nazwa osobowa (NP)
- Gołaszewski, Piotr.
-
- e
- Określenie rodzaju współpracy
- Autor
-
|
|
700 -Hasło dodatkowe - nazwa osobowa [1, ]
|
-
- a
- Nazwa osobowa (NP)
- Grzywacz, Marek
-
- c
- Dopowiedzenie inne niż daty biograficzne (NP)
- (prawo).
-
- e
- Określenie rodzaju współpracy
- Autor
-
|
|
700 -Hasło dodatkowe - nazwa osobowa [1, ]
|
-
- a
- Nazwa osobowa (NP)
- Jagielska, Maria
-
- c
- Dopowiedzenie inne niż daty biograficzne (NP)
- (prawo).
-
- e
- Określenie rodzaju współpracy
- Autor
-
|
|
700 -Hasło dodatkowe - nazwa osobowa [1, ]
|
-
- a
- Nazwa osobowa (NP)
- Jagielski, Jacek
-
- d
- Daty biograficzne (NP)
- (1951- ).
-
- e
- Określenie rodzaju współpracy
- Autor
-
|
|
700 -Hasło dodatkowe - nazwa osobowa [1, ]
|
-
- a
- Nazwa osobowa (NP)
- Juszczak, Sebastian.
-
- e
- Określenie rodzaju współpracy
- Autor
-
|
|
700 -Hasło dodatkowe - nazwa osobowa [1, ]
|
-
- a
- Nazwa osobowa (NP)
- Piecha, Jacek
-
- d
- Daty biograficzne (NP)
- (1986- ).
-
- e
- Określenie rodzaju współpracy
- Auotr
-
|
|
700 -Hasło dodatkowe - nazwa osobowa [1, ]
|
-
- a
- Nazwa osobowa (NP)
- Pietrasz, Piotr.
-
- e
- Określenie rodzaju współpracy
- Autor
-
|
|
700 -Hasło dodatkowe - nazwa osobowa [1, ]
|
-
- a
- Nazwa osobowa (NP)
- Rypina, Mariusz.
-
- e
- Określenie rodzaju współpracy
- Autor
-
|
|
700 -Hasło dodatkowe - nazwa osobowa [1, ]
|
-
- a
- Nazwa osobowa (NP)
- Rząsa, Grzegorz.
-
- e
- Określenie rodzaju współpracy
- Autor
-
|
|
700 -Hasło dodatkowe - nazwa osobowa [1, ]
|
-
- a
- Nazwa osobowa (NP)
- Wajda, Paweł.
-
- e
- Określenie rodzaju współpracy
- Autor
-
|
|
700 -Hasło dodatkowe - nazwa osobowa [1, ]
|
-
- a
- Nazwa osobowa (NP)
- Wiktorowska, Aleksandra
-
- c
- Dopowiedzenie inne niż daty biograficzne (NP)
- (prawo).
-
- e
- Określenie rodzaju współpracy
- Autor
-
|
|
700 -Hasło dodatkowe - nazwa osobowa [1, ]
|
-
- a
- Nazwa osobowa (NP)
- Wojciechowska, Karolina.
-
- e
- Określenie rodzaju współpracy
- Autor
-
|
|
700 -Hasło dodatkowe - nazwa osobowa [1, ]
|
-
- a
- Nazwa osobowa (NP)
- Zalasińska, Katarzyna.
-
- e
- Określenie rodzaju współpracy
- Autor
-
|
|
710 -Hasło dodatkowe - nazwa ciała zbiorowego [2, ]
|
-
- a
- Nazwa ciała zbiorowego lub nazwa geograficzna jako pierwszy element (NP)
- Wydawnictwo C.H. Beck.
-
- e
- Rodzaj współpracy
- Wydawca
-
-
|